000 00500nam a22001697a 4500
999 _c8364
_d8364
008 201117b ||||| |||| 00| 0 eng d
040 _aBMS College of Architecture
100 _aPranathi, M
245 _aRestore and rejuvenate
300 _a45p.
500 _a1BM15AT069
502 _8B,Arch
_NBMS College of Architecture, Visvesvaraya Technological University (VTU)
_aProject report
_d2019
650 _aNA
700 _aAnirban Pal
_eGuide
700 _aSachin Shetty
_eGuide
942 _2ddc
_cTHE